000 01091nam a2200289 c 4500
999 _c184767
_d184767
003 BLK
005 20220513125407.0
008 180411b bul|||||r ||||||| ||bul||
010 _aKNG00193734000
040 _aBLK
041 _aBUL
_cBUL
080 _aБългарска литература
_b821.163.2
_x-32
_z821.163.2-32
100 1 _aЕлмазов, Емил Генчев
_eпърви автор
_9376119
139 _aЕлмазов, Емил Генчев
_bЕ 54
245 1 0 _aИзпитателят и гравитацията
_bНовели и разкази
_cЕмил Генчев Елмазов; с послесл. от Марчо Николов.
257 _aBGR
260 _bВоен. изд.
_c1983
_aСофия
300 _a163 с.
_c20 см
380 _aX
500 _a3 730 тир. - Библиогр. каре 1982.
700 1 _aНиколов, Марчо
_eс послесл. от
_9379519
852 _aЦб 118206
_bЦб
856 4 _qpdf
856 4 _qpdf
942 _cKNG
_n0
_s1
944 _aCR
_c18.10.2016
_kЛюбка_Николова
944 _aED
_c18.10.2016
_kЛюбка_Николова
944 _aED
_c2022-05-13
_kВП
999 _d184767